[Event "Geneve"]
[Site "Geneve"]
[Date "1990.??.??"]
[Round "7"]
[White "Miralles, Gilles"]
[Black "Kotronias, Vasilios"]
[Result "0-1"]
[WhiteElo "2460"]
[BlackElo "2510"]
[Annotator "Ribli,Z"]
[PlyCount "128"]
[EventDate "1990.11.??"]
[EventType "tourn"]
[EventRounds "10"]
[EventCountry "SUI"]
[EventCategory "11"]
[SourceTitle "CBM 021"]
[Source "ChessBase"]
[SourceDate "1991.04.01"]
[SourceVersion "1"]
[SourceVersionDate "1991.04.01"]
[SourceQuality "1"]

1. c4 e5 2. Nc3 Bb4 3. Qb3 Nc6 4. Nd5 a5 5. Qg3 (5. g3 d6 6. e3 f5 7. Bg2 e4 8.
a3 Bc5 {Hodgson,J-Wolff,P London WFW 1989 CBM/13}) 5... Bf8 6. d4 d6 7. dxe5
dxe5 8. Nf3 f6 9. e4 Nb4 $1 10. Nxb4 Bxb4+ 11. Bd2 Qe7 12. Be2 Nh6 13. O-O Bxd2
14. Nxd2 O-O 15. Qc3 Nf7 16. c5 Ng5 $1 17. b3 Rd8 18. Rfd1 Kf8 19. Rac1 Bd7 20.
f3 Ne6 $15 21. Nf1 Nd4 22. Kf2 Be6 23. Rd2 b5 $1 24. Ne3 b4 25. Qb2 c6 26. Bc4
Bc8 27. Bf1 Ra7 28. Rdd1 Be6 29. Bc4 Bc8 30. Bf1 g6 31. Kg1 Be6 32. Bc4 Bxc4
33. Rxc4 Rad7 34. Rcc1 Nb5 35. Rxd7 Rxd7 36. Qf2 Nc3 37. Nc4 Nd1 $1 38. Qc2
Qxc5+ 39. Kf1 Qd4 40. g3 Kg7 41. Kg2 c5 42. Qe2 Nc3 43. Qf1 a4 44. Rc2 axb3 45.
axb3 Qd1 46. Qf2 Rd4 47. Na5 Qb1 48. Rd2 h5 49. h4 Nd1 50. Qe2 g5 51. hxg5 fxg5
52. Nc6 Nc3 53. Qe3 Rxd2+ 54. Qxd2 Qa2 55. Qxa2 Nxa2 56. Nxe5 Nc1 57. f4 Nxb3
58. Nd3 g4 59. e5 Nd2 60. Nxc5 b3 61. Na4 Nc4 62. Nc3 b2 63. Nb1 Ne3+ 64. Kf2
Nf5 0-1

[Event "Vienna"]
[Site "Vienna"]
[Date "1991.??.??"]
[Round "3"]
[White "Ribli, Zoltan"]
[Black "Mokry, Karel"]
[Result "1-0"]
[WhiteElo "2595"]
[BlackElo "2525"]
[Annotator "Ribli,Z"]
[PlyCount "59"]
[EventDate "1991.10.??"]
[EventType "tourn"]
[EventRounds "9"]
[EventCountry "AUT"]
[EventCategory "12"]
[SourceTitle "CBM 026"]
[Source "ChessBase"]
[SourceDate "1992.02.01"]
[SourceVersion "1"]
[SourceVersionDate "1992.02.01"]
[SourceQuality "1"]

1. c4 e5 2. g3 d6 3. Bg2 g6 $6 4. d4 $1 exd4 5. Qxd4 Nf6 6. Nc3 Bg7 7. Qe3+ $1
Kf8 (7... Qe7 8. Qxe7+ Kxe7 9. b3 $1 a5 10. Bb2 c6 11. Na4 Be6 12. Nf3 Nbd7 13.
Nd4 Rhc8 14. O-O Rab8 15. Rac1 Ne8 16. Rfd1 $16 {Kasparov,G-Short,N Barcelona
1989 47/22 CBM/12}) 8. Nf3 Nbd7 9. O-O h6 10. b3 (10. Rd1 Kg8 11. c5 $2 Ng4 $1
$17) 10... Kg8 11. Bb2 Kh7 12. Rad1 Re8 13. Qc1 Nc5 14. Qa1 (14. Nd4 $5) 14...
Nfe4 $1 15. Nxe4 Bxb2 16. Neg5+ $5 hxg5 17. Qxb2 Ne4 (17... g4 18. Nd4 Ne4 19.
f3 $1 $14) 18. h3 (18. Nd4 $5) 18... b6 19. Ne5 $1 Bb7 (19... Qf6 $5 20. Bxe4
Rb8 21. f4 gxf4 22. Rxf4 (22. gxf4 dxe5 23. fxe5 Qg5+ 24. Kh2 Be6 $44) 22...
Qxe5 $10) 20. Ng4 Re6 21. Bxe4 $1 Bxe4 22. f3 Bb7 23. e4 Qh8 $2 (23... f5 $1
$13) 24. e5 $1 $16 dxe5 25. Rd7 Rf8 26. Rxc7 Ba8 27. Rxa7 Kg8 28. Kh2 f5 29.
Qa3 $1 Ree8 (29... fxg4 30. Qxf8+ $1 Kxf8 31. fxg4+ $1 Rf6 32. Rxa8+ Ke7 33.
Rxh8 Rxf1 34. Kg2 Ra1 35. Kf3 Rxa2 36. Rb8 $18) 30. Qd6 1-0

[Event "Walsall op"]
[Site "Walsall"]
[Date "1992.??.??"]
[Round "5"]
[White "Suba, Mihai"]
[Black "Watson, William N"]
[Result "0-1"]
[WhiteElo "2520"]
[BlackElo "2555"]
[Annotator "Ribli,Z"]
[PlyCount "120"]
[EventDate "1992.??.??"]
[EventType "swiss"]
[EventRounds "7"]
[EventCountry "ENG"]
[SourceTitle "CBM 032"]
[Source "ChessBase"]
[SourceDate "1993.02.01"]
[SourceVersion "1"]
[SourceVersionDate "1993.02.01"]
[SourceQuality "1"]

1. d4 d6 2. c4 e5 3. Nc3 exd4 4. Qxd4 Nf6 5. Qd2 g6 6. b3 Bg7 7. Bb2 O-O 8. g3
Re8 $1 (8... Nc6 9. Nh3 a6 10. Nf4 Rb8 11. Bg2 Ne5 12. O-O $14 {Panzer,P-Hickl,
J Lippstadt 1992 CBM/31}) 9. Bg2 Nc6 10. Nf3 (10. Nh3 d5 $1 11. cxd5 Bxh3 12.
Bxh3 Nxd5 13. Nxd5 Bxb2 14. Rd1 Bg7 15. Bg2 Nd4 16. e3 c6 $10 {Zak,U-Zilberman,
Y Tel Aviv-B 1991 EXP/27}) 10... Bf5 11. O-O Ne4 12. Nxe4 Bxe4 13. Rfd1 Qe7 14.
Bh3 $2 (14. Rac1 $5) 14... Bxf3 15. exf3 Bxb2 16. Qxb2 Qe5 17. Qd2 Qf6 18. f4
h5 19. Bf1 (19. Bg2 $5) 19... h4 20. Qd5 Kg7 21. c5 Rad8 22. Rac1 hxg3 23. hxg3
Qb2 24. Bc4 Re7 25. Kg2 dxc5 26. Qxc5 Rxd1 27. Rxd1 Qxa2 28. Rh1 (28. Bb5 Qxb3
29. Bxc6 Qxd1 30. Qxe7 bxc6 31. Qe5+ Kf8 32. Qxc7 Qd5+ $17) 28... Qa5 $1 29. b4
Qxc5 30. bxc5 b6 31. Rd1 Na5 32. Ba2 Nb7 $19 33. cxb6 axb6 34. Ra1 Rd7 35. Bc4
Nd6 36. Bd5 Nf5 37. Bc6 Rd6 38. Be4 Nd4 39. Ra8 Ne6 40. Ra7 Kf6 41. Bc2 b5 42.
Bb3 c5 43. Rb7 c4 44. Ba2 Rd2 45. Bb1 Rb2 46. Be4 c3 47. Rb6 b4 48. Rc6 Ke7 49.
Rc4 Kd6 50. Rc6+ Kd7 51. Rc4 f5 52. Bc6+ Kd6 53. Be8 Kd5 54. Rc8 Nc5 55. Rd8+
Ke6 56. Rc8 Kd6 57. Rc6+ Kd5 58. Rxg6 c2 59. Bf7+ Ke4 60. Rd6 c1=Q 0-1

[Event "BCF-ch 89th"]
[Site "Torquay"]
[Date "2002.08.02"]
[Round "5"]
[White "Speelman, Jonathan S"]
[Black "Sandipan, Chanda"]
[Result "1-0"]
[WhiteElo "2583"]
[BlackElo "2507"]
[Annotator "Ribli,Z"]
[PlyCount "81"]
[EventDate "2002.07.29"]
[EventType "swiss"]
[EventRounds "11"]
[EventCountry "ENG"]
[SourceTitle "CBM 091"]
[Source "ChessBase"]
[SourceDate "2002.11.12"]
[SourceVersion "1"]
[SourceVersionDate "2002.11.12"]
[SourceQuality "1"]

1. c4 e5 2. Nc3 Bb4 {Mit dieser Nebenvariante kann Schwarz die wichtigsten
Hauptvarianten vermeiden.} 3. Qb3 {Dieser Damezug wird selten gespielt, die
gewöhnliche Fortsetzung ist 3.Nd5.} Bc5 (3... Bxc3 4. Qxc3 $14) (3... Ba5 4.
Qa3 $1 Nc6 (4... Bxc3 5. Qxc3 $14) 5. Nd5 $14) (3... a5 $5) (3... Nc6 $5) 4.
Nf3 (4. Ne4 Be7 (4... Bf8 5. d3 Nc6 6. Nf3 Bb4+ 7. Nc3 d6 8. a3 Bxc3+ 9. Qxc3
Nge7 10. e3 O-O 11. b4 a6 12. Be2 Kh8 13. O-O Ng6 14. Bb2 f6 15. a4 Nce7 16. a5
{1-0 Stangl,M-David,A/Hameln 1987/EXT 97 (36)}) 5. Qg3 Bf6 6. b3 Nc6 7. Bb2 Nh6
8. O-O-O O-O 9. Nxf6+ Qxf6 10. e4 d6 11. Ne2 a5 12. d4 Ng4 13. f4 Qh6 {0-1
Sunye Neto,J-Groszpeter,A/Zenica 1986/EXT 97 (69)}) 4... Nc6 (4... d6 5. e3 Nc6
) 5. e3 d6 6. a3 a6 $6 {Dieser Zug scheint mir etwas passiv - Schwarz bereitet
einen Rückzug des Läufers - im Falle eines späteren b2-b4 - nach a7 vor.} (6...
Nge7 $5 {[%cal Ge7f5]}) 7. h3 $1 {Mit diesem prophylaktischen Zug verhindert
Weiß die Möglichkeit Bc8-g4.} (7. Qc2) 7... Nf6 {Schwarz spielt die Eröffnung
ein wenig schablonenhaft - nach meiner Meinung steht der Springer elastischer
auf e7.} (7... Nge7 $5) 8. Qc2 O-O 9. b4 Ba7 10. Bb2 Re8 (10... d5 11. cxd5
Nxd5 12. Nxd5 Qxd5 13. Bd3 $14) 11. Bd3 $1 $14 {[%cal Gc2h7] Weiß hat eine
aktive Figurenstellung - der Läufer steht auf den ersten Blick sonderbar auf
d3, aber die weiße positionelle Drohung ist 12.Ng5 - mit Initiative.} h6 (11...
g6 12. O-O $14) 12. g4 {[%mdl 4] Speelman spielt gewöhnlich originell - mit
diesem Bauernzug bereitet er die Möglichkeit g4-g5 vor, mit gefährlicher
Initiative am Königsflügel.} d5 {Schwarz öffnet die Stellung, was prinzipiell
vorteilhaft für Weiß ist. Aber es ist schwer, einen anderen Spielplan für
Schwarz zu empfehlen.} (12... Be6 13. g5 hxg5 14. Nxg5 $14) 13. Nxd5 (13. cxd5
$2 Nd4 $1 14. Qd1 (14. exd4 exd4+ (14... e4 15. Bxe4 $18 (15. Nxe4 Qxd5 16. Ne5
$16)) 15. Ne2 Qxd5 $19 {[%csl Rf3][%cal Rd5h1]}) 14... Nxd5 $15) 13... Nxd5 14.
cxd5 Qxd5 15. Bh7+ {Das ist ein gewöhnliches Motiv - der schwarze König steht
weniger gut auf h8.} Kh8 16. Be4 {[%csl Gb2,Ge4] Die weißen Leichtfiguren
dominieren auf dem Brett.} Qd6 17. Rg1 (17. Bxc6 $6 bxc6 $13) 17... f6 (17...
Bd7 18. g5 h5 19. g6 f6 20. Nh4 $16) 18. h4 {[%cal Gg4g5]} Be6 (18... Bd7 19.
g5) 19. g5 $36 {[%cal Gg1g8] Weiß hat starken Angriff am Königsflügel.} Rg8 20.
O-O-O {[%cal Gd2d4] Es ist eine Seltenheit, dass man erst im 20. Zug in der
Englischen Verteidigung rochiert. Der weiße König steht endlich in Sicherheit
und das weiße strategische Ziel besteht darin, durch den Vorstoß d2-d4 den Bb2
zu aktivieren.} Rac8 (20... Bd5 21. d4 Bxe4 22. Qxe4 $36) 21. d4 exd4 22. Bxc6
$1 Qxc6 (22... bxc6 23. gxf6 gxf6 24. Rg6 Rxg6 25. Qxg6 Qf8 26. Nxd4 $18) 23.
Qxc6 bxc6 24. Nxd4 (24. Bxd4 $16) 24... Bxd4 (24... Bd5 25. gxf6 gxf6 26. Nf5
$18) 25. Rxd4 $16 {[%csl Gb2][%cal Gb2h8][%mdl 4096]} Kh7 26. Re4 Rce8 27. gxf6
gxf6 28. Rxg8 Kxg8 29. Bxf6 {Weiß hat einen Bauern mehr und großen
Positionsvorteil - die Anwesenheit den ungleichfarbigen Läufer auf dem Brett
hilft Schwarz nicht weiter.} Kf7 (29... Bf7 30. Rxe8+ Bxe8 31. Be5 $18) 30. Bd4
Ke7 31. Kd2 Rg8 32. Bc5+ Kd7 33. Rd4+ Kc8 34. Rf4 h5 (34... Kd7 35. Rf6 h5 36.
f4 $18) 35. Rf8+ $1 Rxf8 36. Bxf8 Kd7 37. e4 $18 {[%csl Ge4,Gf2] Mit zwei
verbundenen Bauern gewinnt Weiß leicht. Weiß hat eigentlich zwei Bauern mehr
wegen des schwarzen Doppelbauern auf der c-Linie.} Ba2 38. Ke3 Ke8 39. Bc5 Kf7
40. f4 Bb1 41. f5 1-0

[Event "Balkaniad"]
[Site "Kavala"]
[Date "1990.??.??"]
[Round "6"]
[White "Badea, Bela"]
[Black "Velikov, Petar"]
[Result "1-0"]
[WhiteElo "2480"]
[BlackElo "2495"]
[Annotator "Ribli,Z"]
[PlyCount "99"]
[EventDate "1990.10.??"]
[EventType "team"]
[EventRounds "6"]
[EventCountry "GRE"]
[SourceTitle "CBM 021"]
[Source "ChessBase"]
[SourceDate "1991.04.01"]
[SourceVersion "1"]
[SourceVersionDate "1991.04.01"]
[SourceQuality "1"]

1. c4 e5 2. Nc3 d6 3. d4 exd4 4. Qxd4 Nc6 5. Qd2 Nf6 6. b3 g6 (6... Be6 7. e4
a5 8. Bb2 {Lautier,J-Piasetski,L Manila izt 1990 CBM/19 49/27}) 7. Bb2 Bg7 8.
g3 O-O 9. Nh3 Re8 (9... a5 10. Nf4 Ne5 11. Rc1 Bd7 12. Bg2 $14 {Ruf,M-Hickl,J
FRG-ch 1989 CBM/15}) 10. Nf4 Bf5 11. Bg2 h5 12. O-O h4 13. Nfd5 $14 hxg3 14.
hxg3 Nxd5 15. Nxd5 Ne5 16. Ne3 Bc8 17. Rad1 Qd7 18. Qc1 Qe7 19. c5 $1 dxc5 20.
Nd5 Qd8 21. Nb6 axb6 22. Rxd8 Rxd8 23. a3 c6 24. Qa1 $1 f6 25. f4 Ng4 26. Bf3
Rf8 27. Rd1 Ne3 28. Rd6 Nf5 29. Bxf6 $1 Nxd6 30. Bxg7 Rf7 31. Bb2 Be6 32. Qc1
Nf5 33. Kf2 Nd4 34. Bg2 Re8 35. e3 Nxb3 36. Qc3 Rh7 37. Qf6 Bf7 38. Be5 Nd2 39.
f5 Nc4 40. fxg6 Nxe5 41. gxh7+ Kxh7 42. Be4+ Kg8 43. Bf5 c4 44. g4 c3 45. Kg3
Nc4 46. Qh6 Rxe3+ 47. Kf4 Bd5 48. Qh7+ Kf8 49. Kg5 Nd6 50. Qh6+ 1-0

[Event "DEN-ch"]
[Site "Aalborg"]
[Date "2000.04.22"]
[Round "7"]
[White "Nielsen, Peter Heine"]
[Black "Pedersen, Steffen"]
[Result "1-0"]
[WhiteElo "2564"]
[BlackElo "2454"]
[Annotator "Ribli,Z"]
[PlyCount "59"]
[EventDate "2000.04.15"]
[EventType "tourn"]
[EventRounds "9"]
[EventCountry "DEN"]
[EventCategory "11"]
[SourceTitle "CBM 077"]
[Source "ChessBase"]
[SourceDate "2000.07.27"]
[SourceVersion "1"]
[SourceVersionDate "2000.07.27"]
[SourceQuality "1"]

1. c4 e5 2. Nc3 Bb4 {Das ist eine heutzutage oft gespielte Nebenvariante.
Meiner Meinung nach bekommt Schwarz hier keinen vollen Ausgleich.} 3. Nd5 Be7 (
3... Ba5) (3... Bc5) 4. d4 d6 (4... exd4 5. Qxd4 Nf6 6. Nxe7 Qxe7 7. f3 $14 {
Das ist ein Schlüsselzug in dieser Variante - Weiß möchte sich anschließend
mit e2-e4 ein starkes Bauernzentrum aufbauen.}) 5. e4 Nf6 6. Nxe7 Qxe7 7. f3 {
Dieser Zug verschafft Weiß nachhaltige Initiative und Übergewicht im Zentrum.
Schwarz hat zwar in der Tat eine solide Stellung, aber es ist nicht leicht für
ihn, einen aktiven Spielplan zu finden.} c6 (7... exd4 8. Qxd4 Nc6 9. Qc3 O-O
10. Bg5 (10. Be3 Re8 11. Ne2 Ne5 12. Nf4 Ng6 13. O-O-O {1/2-1/2 Hansen,
C-Sokolov,I/Groningen 1995/Inf 65/[Sokolov,I] (72)}) 10... Qe5 11. Qd2 Re8 12.
Ne2 a6 13. Nc3 Be6 14. Rd1 h6 15. Bf4 Qa5 16. Be2 Rab8 17. Nd5 Qxd2+ 18. Rxd2
Bxd5 19. cxd5 Ne5 20. O-O {1-0 Olarasu,G-Ionescu Brandis,I/ch-ROM (women),
Lasi ROM 1999 (31)}) (7... Nh5 8. Be3 $1 O-O (8... exd4 9. Qxd4 Nc6 10. Qc3 Qe5
11. Ne2 Bd7 12. O-O-O O-O 13. g4 Nf6 14. h4 Rfe8 15. Rg1 {1-0 Smirin,I-Lehner,
O/Vienna 1998/EXT 2000 (37)}) 9. d5 $1 f5 10. exf5 Nf4 11. g4 $14 {1/2-1/2
Ledger,A-Hebden,M/Hastings 1995/EXT 97 (37) /\}) (7... O-O 8. Ne2 (8. Bg5 h6 9.
Bh4 exd4 10. Qxd4 Nc6 11. Bxf6 gxf6 12. Qd2 f5 13. O-O-O fxe4 14. Qxh6 Bf5 15.
fxe4 Bxe4 16. Nf3 f5 17. Bd3 Qf6 18. Qh5 {1/2-1/2 Uhlmann,W-Onischuk,A/Dresden
1994/TD (63)}) 8... exd4 9. Qxd4 Nc6 10. Qc3 Nh5 11. g4 Qh4+ 12. Kd1 Nf6 13.
Ng3 Be6 14. Be3 $14 {Lalic,B-Shirov,A/Moscow olm/1994/CBM45/INF62,14/}) 8. d5
$5 {Mit diesem Zug verschafft sich Weiß dauerhaften Raumvorteil im Zentrum.} (
8. Bg5 d5 9. cxd5 cxd5 10. exd5 exd4+ 11. Ne2 (11. Qe2 Qxe2+ 12. Nxe2 Nxd5 13.
Nxd4 $14) 11... Qb4+ 12. Qd2 Nxd5 13. Nxd4 $14) 8... Nh5 9. Be3 O-O 10. g4 {
Dieser aggressive Zug schwächt die weiße Königsstellung, klärt aber die
Situation am Königsflügel.} (10. Qd2 $14) 10... Nf4 11. Ne2 cxd5 12. cxd5 Qh4+
$5 (12... Nxe2 13. Bxe2 $14) 13. Bf2 Qf6 14. Nxf4 (14. Rc1 $14) 14... exf4 15.
Qd4 {Weiß hat das Läuferpaar und fühlbaren Raumvorteil. Der Nb8 hat einen
potentiellen Stützpunkt auf e5, aber die Zukunft des Bc8 ist ungewiss.} (15.
Qd2 $14) 15... Qe7 (15... Qxd4 16. Bxd4 Nd7 17. Rc1 $16) 16. O-O-O (16. Be2 $14
) (16. Rc1 f5 17. gxf5 Bxf5 18. Rg1 $14) 16... Nd7 {[%cal Gd7e5] Der Springer
zielt auf den starken Stützpunkt e5, der Pe4 aber ist schwach.} 17. Qd2 {
[%csl Rf4][%cal Rd2f4]} g5 (17... Qf6 18. h4 Ne5 19. Be2 $14 (19. g5 Qe7 20.
Qxf4 f5 $132)) 18. h4 f6 (18... Ne5 19. Be2 $14 (19. hxg5 Nxf3 20. Qxf4 Qxg5
21. Be3 Qxf4 22. Bxf4 Bxg4 23. Bxd6 Rac8+ 24. Kb1 Rfe8 $132)) 19. hxg5 fxg5 20.
Be2 Ne5 21. Qb4 Kg7 (21... Bd7 $5 22. Kb1 $14 (22. Qxb7 Rac8+ 23. Kb1 Rc2 $132
{Der Rc2 steht aktiv. In einigen Varianten droht Nxf3. Natürlich kann Weiß
nicht 24.Kxc2?? spielen wegen 24...Ba4+.})) 22. Kb1 {Das ist ein nützlicher
prophylaktischer Zug. Der weiße König befindet sich auf b1 in Sicherheit.} b6
23. Bd4 {[%cal Gd4g7]} Bb7 24. Qa4 $1 $16 {Nach diesem Zug kann Schwarz seinen
Ra8 nicht bewegen, sonst hängt der Pa7. Zudem droht 25.Bxe5+ Qxe5 (im Falle
von dxe5 wird der d-Bauer stark) 26.Qd7+ Rf7 27.Rxh7+.} Kg8 $6 {[%mdl 16384]
Auf diese Weise hebt Schwarz die Fesselung auf der Diagonale a1-h8 auf -
zugleich aber gibt er damit das Feld h6 für den weißen Turm frei.} (24... Rf7
25. Rh5 $16) 25. Rh6 $1 Nf7 (25... Rf6 26. Rdh1 $16) 26. Re6 {[%csl Gd4,Ge6]
[%mdl 2048]} Qd8 (26... Qc7 27. Rc1 $16) 27. Bf6 Qb8 28. Rh1 $40 {[%csl Rg8]}
Rc8 29. Qd1 h6 (29... Rc7 30. Rxh7 Kxh7 31. Qh1+ Kg8 (31... Nh6 32. Bxg5 $18)
32. Qh5 $18 {[%csl Rg8]}) 30. e5 $18 {[%cal Rd1d3,Rd3g6]} (30. e5 dxe5 31. Qd3
{[%csl Rg8][%cal Rd3g6,Rg6g8]}) 1-0

[Event "San Roque"]
[Site "San Roque"]
[Date "1996.??.??"]
[Round "7"]
[White "Gulko, Boris F"]
[Black "Sion Castro, Marcelino"]
[Result "1-0"]
[WhiteElo "2615"]
[BlackElo "2400"]
[Annotator "Ribli,Z"]
[PlyCount "73"]
[EventDate "1996.02.??"]
[EventType "tourn"]
[EventRounds "9"]
[EventCountry "ESP"]
[EventCategory "11"]
[SourceTitle "CBM 057"]
[Source "ChessBase"]
[SourceDate "1997.04.01"]
[SourceVersion "1"]
[SourceVersionDate "1997.04.01"]
[SourceQuality "1"]

1. c4 g6 2. e4 {Jetzt bietet 3.Nf3 die besten Chancen auf  weißen
Eröffnungsvorteil. Und danach wäre der weisse Plan d2-d4, um eine starke
Zentrumsstellung zu bauen. Ribli.} e5 $5 {Meiner Meinung nach ist dieser Zug
die prinzipiell richtige Antwort. Schwarz kontrolliert das Feld d4 so stark,
wie möglich. Ribli.} 3. Nc3 (3. Nf3 Bg7 4. d4 exd4 5. Nxd4 Nf6 6. Nc3 O-O 7.
Bd3 d5 (7... c6 $5) 8. cxd5 c6 9. Bg5 $5 $146 Qb6 (9... h6 10. Bxf6 Qxf6 11.
Nde2) (9... cxd5 10. exd5 Re8+ 11. Nde2) 10. Nb3 cxd5 11. exd5 $13 {Hier wurde
in der Partie Banas-Horvath,Jo.Ung.Mannsch.Meist.1997 remis gegeben.  Schwarz
hat Kompensation und kann 11...Ng4 12.o-o Qd6 13.g3 Bxc3 14.bxc3 Qe5 oder 11...
Bg4 jeweils mit beiderseitigen Möglichkeiten probieren.Ribli.}) 3... Bg7 4. g3
{Gulko wählt einen ruhigen Aufbau, der ihm keinen großen Vorteil verschafft,
aber er kann die taktischen Möglichkeiten in der Eröffnung vermeiden.Ribli.}
Ne7 5. Bg2 O-O (5... d6 6. Nge2 Be6 7. d3 (7. d4 $1) 7... O-O 8. O-O c6) (5...
c5 $5 6. d3 d6 7. Nge2 Nbc6 8. O-O O-O 9. a3 a6 10. Rb1 Rb8 11. b4 cxb4 12.
axb4 b5 13. cxb5 axb5 14. Bg5 Be6 $11 {Gaprindashvili,N-Cramling,N/Beograd
Yugometal/1996/}) 6. Nge2 c5 $6 {Meiner Meinung nach bieten 6...Nc6 und d6,Be6,
Qd7 bessere Chancen als die Partiefortsetzung. In symmetrischen Stellungen
erweist sich ein Tempo früher oder später als günstig für den Anziehenden.
Ribli.} 7. d3 Nbc6 8. h4 h5 (8... h6 9. Be3 d6 10. Qd2 $14) 9. a3 d6 (9... a6
$5 10. Rb1 Rb8 11. b4 cxb4 12. axb4 b5 13. cxb5 axb5 $11) 10. Rb1 a5 {Jetzt
hat Weiß einen nicht so großen, aber dauerhaften Vorteil, weil der Punkt b5
"auf ewig" schwach ist.Ribli.} 11. O-O $14 Rb8 12. Nb5 Bg4 {Nach dem Partiezug
kann Schwarz wegen f3 nie f7-f5 spielen; sein Läufer steht nicht besonders gut
auf g4.Ribli.} (12... Be6) 13. Be3 Qd7 14. Qd2 b6 15. Kh2 Nc8 $6 (15... Kh7 $5)
16. Nec3 N8e7 17. f3 Be6 18. Nd5 {Weiß hat zwei Springer auf b5 und d5 - die
positionelle Löcher im schwarzen Lager. Für die Zukunft verfügt der Anziehande
auch über den Vorstoß b2-b4. Ribli.} Bxd5 19. cxd5 Nd8 20. a4 $16 {In dieser
Stellung hat Weiß Raumvorteil und das Läuferpaar, das ist wichtig, wenn später
mit f2-f4 die Stellung geöffnet werden sollte. Ich möchte auch anmerken, daß
die schwarzen Springer keine Stützpunkte haben.Ribli.} f5 21. Bh3 Nf7 22. b3 {
Schwarz besitzt kein Gegenspiel, so hat Weiß viel Zeit, seine Stellung zu
verbessern. Der Springer strebt nach c4. Ribli.} Qd8 23. Na3 {Weiß droht Nc4,
Rf2,Rbfl und f3-f4 zu spielen. Mit seinem Zug probiert Schwarz ein wenig, im
Trüben zu fischen.Ribli.} f4 24. gxf4 exf4 25. Bxf4 Ne5 26. Kg2 $1 {Weiß gibt
seinen Mehrbauern her und erhält eine überlegene Stellung.Ribli.} Nxd3 27. Bg5
Ne5 28. f4 {Schwarz hat nur Probleme mit seinem Springer.Ribli.} Ng4 29. Bxg4
hxg4 30. Qe2 Qd7 31. Kg3 $18 Rbe8 32. Qxg4 Nf5+ {Der Textzug verliert, aber in
potentieller Zeitnot verschafft er ein wenig praktische Chancen.Ribli.} (32...
Qc7 33. h5 $18 (33. Nc4 $18)) 33. exf5 Re3+ 34. Rf3 gxf5 35. Qh5 Rfe8 36. Nc4
Re2 37. Qg6 {Und Schwarz hat keine Hoffnung mehr.Ribli.} 1-0

[Event "Noyabrsk"]
[Site "Noyabrsk"]
[Date "1995.??.??"]
[Round "6"]
[White "Abramovic, Bosko"]
[Black "Komliakov, Viktor"]
[Result "1-0"]
[WhiteElo "2520"]
[BlackElo "2535"]
[Annotator "Ribli,Z"]
[PlyCount "50"]
[EventDate "1995.05.??"]
[EventType "tourn"]
[EventRounds "11"]
[EventCountry "RUS"]
[EventCategory "10"]
[SourceTitle "CBM 048"]
[Source "ChessBase"]
[SourceDate "1995.10.01"]
[SourceVersion "1"]
[SourceVersionDate "1995.10.01"]
[SourceQuality "1"]

1. d4 d6 2. c4 e5 3. Nc3 exd4 4. Qxd4 Nc6 5. Qd2 Nf6 6. Nf3 g6 7. b3 Bg7 8. Bb2
O-O 9. e3 (9. g3 $5) 9... Bg4 {Das ist offenbar eine Neuerung.} (9... Re8 $5
10. Be2 Bf5 11. O-O Ne4 12. Nxe4 Bxe4 13. Bxg7 Kxg7 14. Qc3+ Qf6 $10 {Sideif
Sade,F-Timoshenko,G/Nabereznye Chelny/1993/CBM37/}) 10. Be2 Ne5 11. Nd4 (11.
Nxe5 dxe5 12. Qxd8 Rfxd8 13. Bxg4 Nxg4 $10) 11... d5 (11... c5 $6 12. Nc2 Bxe2
13. Qxe2 $14 {>< d5,d6}) 12. cxd5 Nxd5 13. f3 c5 14. Nxd5 Qxd5 $6 (14... cxd4
$5 15. fxg4 (15. e4 d3 $1 $36) (15. exd4 Nxf3+ $1 16. gxf3 Qxd5 $15) 15... Qxd5
$13) 15. e4 Qd8 16. Nb5 Qh4+ $2 {Schwarz opfert eine Figur, aber dafuer kriegt
er gar nichts.} (16... Bd7 $5) 17. g3 Qh3 18. fxg4 Rad8 19. Nd6 $1 c4 {Droht /
\ Nd3.} 20. O-O-O $1 {Dieser kraftvolle Zug wiederlegt das schwarze
Spielkonzept.} b5 (20... Nd3+ 21. Bxd3 Rxd6 22. bxc4 $18) 21. Qf4 $1 Nd3+ 22.
Bxd3 Bxb2+ 23. Kxb2 cxd3 24. e5 $1 Qg2+ 25. Qd2 Qd5 {Ribli} (25... Qd5 26. Rhe1
$18) 1-0

[Event "Volgograd"]
[Site "Volgograd"]
[Date "1994.??.??"]
[Round "1"]
[White "Savon, Vladimir A"]
[Black "Shmuter, Leonid"]
[Result "1-0"]
[WhiteElo "2435"]
[BlackElo "2460"]
[Annotator "Ribli,Z"]
[PlyCount "69"]
[EventDate "1994.??.??"]
[EventType "tourn"]
[EventRounds "13"]
[EventCountry "NED"]
[EventCategory "8"]
[SourceTitle "CBM 041"]
[Source "ChessBase"]
[SourceDate "1994.08.01"]
[SourceVersion "1"]
[SourceVersionDate "1994.08.01"]
[SourceQuality "1"]

1. c4 e5 2. d3 g6 3. g3 Bg7 4. Bg2 Ne7 5. Nc3 c6 (5... Nbc6 $5) (5... c5 $5) 6.
e4 $5 d6 7. Nge2 O-O 8. O-O Be6 9. b3 c5 (9... d5 $2 10. exd5 cxd5 11. Ba3 $1
$16) (9... a5 10. d4 $14) 10. a3 Nbc6 11. Rb1 f5 (11... a5 $5) 12. Nd5 Qd7 (
12... a5 13. exf5 gxf5 14. Bg5 $14) 13. exf5 $5 gxf5 14. b4 cxb4 15. axb4 Bxd5
16. cxd5 Nd4 17. Nxd4 exd4 18. Re1 $14 Nc8 $6 (18... Ng6 $5) 19. Re6 a5 20.
bxa5 Rxa5 21. g4 $1 f4 22. Be4 Be5 23. g5 f3 24. Qf1 $1 (24. Bxf3 $2 Qf7 25.
Kg2 Ra2 $44 (25... Rxd5 $2 26. Rh6 $1 (26. Bxd5 $4 Qxf2+ 27. Kh3 Qxh2+ 28. Kg4
Rf4+ 29. Bxf4 Qxf4+ 30. Kh5 Qh2+ 31. Kg4 Qg3+ 32. Kh5 Qh3#))) 24... Rf7 25. Qh3
Ne7 (25... Qa4 26. Bd2 Qc2 27. Rc1 Qxd2 28. Rxc8+ $18) 26. Kh1 Qa4 27. Bd2 Qc2
(27... Qa1 28. Re1 $18) 28. Rg1 Qxd2 29. g6 hxg6 (29... Nxg6 30. Bxg6 hxg6 31.
Re8+ Rf8 32. Qe6+ $18) 30. Rxe7 $1 Rxe7 31. Qc8+ Kh7 32. Bxg6+ Kh6 33. Qf8+ Bg7
34. Qxe7 Qxf2 (34... Qf4 35. Be4 $18) 35. Qg5# 1-0